Multilingualism in India/ (Record no. 9232)

MARC details
000 -LEADER
fixed length control field 00707 a2200205 4500
010 ## - LIBRARY OF CONGRESS CONTROL NUMBER
LC control number ENG-88811
020 ## - INTERNATIONAL STANDARD BOOK NUMBER
Terms of availability 200.00
International Standard Book Number 8125030735
035 ## - SYSTEM CONTROL NUMBER
System control number EN-72344
037 ## - SOURCE OF ACQUISITION
Source of stock number/acquisition DBAD / PUB
082 14 - DEWEY DECIMAL CLASSIFICATION NUMBER
Classification number 306.4460954
090 ## - LOCALLY ASSIGNED LC-TYPE CALL NUMBER (OCLC); LOCAL CALL NUMBER (OCLC)
-- 9402
-- 9402
245 1# - TITLE STATEMENT
Title Multilingualism in India/
Statement of responsibility, etc edited by Debi Prasanna Pattanayak
260 ## - PUBLICATION, DISTRIBUTION, ETC. (IMPRINT)
Place of publication, distribution, etc New Delhi
Name of publisher, distributor, etc Orient Longman
Date of publication, distribution, etc 2007
270 ## - ADDRESS
Address 1/24, Asaf Ali Road,
City New Dehli
Postal code 110 002
Electronic mail address delgeneral@orientlongman.com
300 ## - PHYSICAL DESCRIPTION
Extent xii, 116 p.
Dimensions 21 cm. (Pbk.)
500 ## - GENERAL NOTE
General note Includes Index
700 1# - ADDED ENTRY--PERSONAL NAME
Personal name Pattanayak, Debi Prasanna
942 ## - ADDED ENTRY ELEMENTS (KOHA)
Institution code [OBSOLETE] dpl
Koha item type English Books
Call number prefix 306.4460954 / MUL
Holdings
Withdrawn status Lost status Source of classification or shelving scheme Damaged status Not for loan Collection code Home library Current library Source of acquisition Cost, normal purchase price Total Checkouts Full call number Barcode Date last seen Copy number Uniform Resource Identifier Cost, replacement price Price effective from Koha item type
    Dewey Decimal Classification   Not For Loan Non-fiction D.B.Act.Division D.B.Act.Division DBAD/PUB 200.00   306.4460954 MUL EN-72344 15/09/2008 1 10202 200.00 15/09/2008 English Books

© Delhi Public Library
Hit Counter
free hit counter